书目信息 |
| 题名: |
稳定性的数学理论及应用
|
|
| 作者: | 廖晓昕 著 | |
| 分册: | ||
| 出版信息: | 武汉 华中师范大学出版社 2001 |
|
| 页数: | 699页 | |
| 开本: | 22cm | |
| 丛书名: | ||
| 单 册: | ||
| 中图分类: | O175.13 | |
| 科图分类: | ||
| 主题词: | 运动稳定性理论--应用 , 运动稳定性理论 | |
| 电子资源: | ||
| ISBN: | 7-5622-1118-3 | |
| 000 | 00846nam0 2200253 450 | |
| 001 | 012007111716 | |
| 005 | 20070516165429.62 | |
| 010 | @a7-5622-1118-3@b精装@dCNY58.00 | |
| 100 | @a20070427d2001 km y0chiy0120 ea | |
| 101 | 0 | @achi |
| 102 | @aCN@b420000 | |
| 105 | @aa z 001yy | |
| 106 | @ar | |
| 200 | 1 | @a稳定性的数学理论及应用@Awen ding xing de shu xue li lun ji ying yong@f廖晓昕著@Fliao xiao xin zhu |
| 205 | @a2版 | |
| 210 | @a武汉@c华中师范大学出版社@d2001 | |
| 215 | @a699页@c图@d22cm | |
| 330 | @a本书主要包括稳定性概念及辅助工具,线性系统稳定性基本理论,Lyapunov直接法的基本理论,稳定性的迭代分析,部分变元的稳定性等内容。 | |
| 606 | 0 | @a运动稳定性理论@x应用 |
| 606 | 0 | @a运动稳定性理论 |
| 690 | @aO175.13@v4 | |
| 701 | 0 | @a廖晓昕@Aliao xiao xin@f(1938~)@4著 |
| 801 | 0 | @aCN@bRULIN@c20070516 |
| 905 | @dO175.13@e114@s2 | |
| 稳定性的数学理论及应用/廖晓昕著.-2版.-武汉:华中师范大学出版社,2001 |
| 699页:图;22cm |
| ISBN 7-5622-1118-3(精装):CNY58.00 |
| 本书主要包括稳定性概念及辅助工具,线性系统稳定性基本理论,Lyapunov直接法的基本理论,稳定性的迭代分析,部分变元的稳定性等内容。 |
| ● |
| 相关链接 |
|
|
|
|
正题名:稳定性的数学理论及应用
索取号:O175.13/114
 
预约/预借
| 序号 | 登录号 | 条形码 | 馆藏地/架位号 | 状态 | 备注 |
| 1 | 0571704 | 205717045 | 第二样本阅览室/ [索取号:O175.13/114] | 在馆 | |
| 2 | 0571705 | 205717054 | 第三借阅区/ [索取号:O175.13/114] | 在馆 |